000 00544nam a2200181 i 4500
001 78668
003 ES-MaACL
005 20230906173758.0
007 t|
008 041015s1974 sp ||||1| spa d
100 1 _aHaley, Jay.
_961539
245 1 0 _aTratamiento de la familia /
_cbajo la dirección de Jay Haley ; versión española de J. Valle Cabrera.
250 _a[1ª ed.].
260 _aBarcelona :
_bToray,
_c[1974]
300 _aXII, 224 p. ;
_c24 cm.
700 1 _aValle Cabrera, J.
_9112783
852 _aES-MaACL
_jC-56473
_bR.89202
999 _c78668
_d78668